Energy and the environment : (Record no. 12265)

MARC details
000 -LEADER
fixed length control field 00700cam a22002172 4500
001 - CONTROL NUMBER
control field 0000025121
005 - DATE AND TIME OF LATEST TRANSACTION
control field 20151217155238.0
008 - FIXED-LENGTH DATA ELEMENTS--GENERAL INFORMATION
fixed length control field 141204s xx 000 0 eng d
020 ## - INTERNATIONAL STANDARD BOOK NUMBER
International Standard Book Number 0199765133 :
040 ## - CATALOGING SOURCE
Original cataloging agency KABU
Transcribing agency KABU
100 1# - MAIN ENTRY--PERSONAL NAME
Personal name Fay, James A.
-- 0000185519
245 10 - TITLE STATEMENT
Title Energy and the environment :
Remainder of title scientific and technological principles /
Statement of responsibility, etc. by James A. Fay, Dan S. Golomb.
250 ## - EDITION STATEMENT
Edition statement 2nd ed.
260 ## - PUBLICATION, DISTRIBUTION, ETC. (IMPRINT)
Place of publication, distribution, etc. New York :
Name of publisher, distributor, etc. OUP,
Date of publication, distribution, etc. 2012.
300 ## - PHYSICAL DESCRIPTION
Extent xvii, 366 p.
650 #0 - SUBJECT ADDED ENTRY--TOPICAL TERM
Topical term or geographic name as entry element Power resources
General subdivision Environmental aspects.
-- 0000156251
700 1# - ADDED ENTRY--PERSONAL NAME
Personal name Golomb, Dan S.
-- 0000185520
852 1# - LOCATION
-- p9745 KES
908 ## - PUT COMMAND PARAMETER (RLIN)
Put command parameter 141204
950 ## - LOCAL HOLDINGS (RLIN)
-- 1
Holdings
Withdrawn status Lost status Source of classification or shelving scheme Not for loan Home library Current library Date acquired Total Checkouts Total Renewals Full call number Barcode Date last seen Date last checked out Price effective from Koha item type
    Library of Congress Classification   Kabarak, Main Campus Kabarak, Main Campus 17/12/2015 11 4 TD195 .E49F39 2012 c. 1 017478 30/01/2026 10/11/2025 17/12/2015 General Collection
Designed with assistance from East African Informatics Ltd